Austrálsky dolár a hodnota komodít

Ekonomika Austrálie a austrálsky dolár. Vývoj hodnoty austrálskeho dolára. Hodnoty komodít. Porovnanie hodnoty indexu v komparácii s výmenným kurzom austrálskeho dolára voči americkému doláru.

Uložené v:
Podrobná bibliografia
Hlavný autor: Kmeťko, Miroslav, 1969-
Médium: Kapitola
Jazyk:Slovak
Predmet:
Tagy: Pridať tag
Žiadne tagy, Buďte prvý, kto otaguje tento záznam!

MARC

LEADER 00000naa$a2200000$$$4500
001 0280680
005 20240502074346.0
041 0 |a slo 
044 |a SK 
245 1 0 |a Austrálsky dolár a hodnota komodít  |c Miroslav Kmeťko 
520 |a Ekonomika Austrálie a austrálsky dolár. Vývoj hodnoty austrálskeho dolára. Hodnoty komodít. Porovnanie hodnoty indexu v komparácii s výmenným kurzom austrálskeho dolára voči americkému doláru. 
610 2 0 |a komodity 
610 2 0 |a dolár 
610 2 0 |a trh finančný 
100 1 |a Kmeťko, Miroslav, 1969-